Países que tem/já tiveram bombas nucleares - Statistics

Estatísticas Gerais
  • Esse quiz foi jogado 150 vezes
  • A pontuação média é 14 de 18
Estatísticas das Respostas
Status País % Correto
Possui (EAN) Estados Unidos
99%
Possui (EAN) Reino Unido
99%
Possui (EAN) Rússia
99%
Possui (não EAN) Coréia do Norte
98%
Possui (EAN) China
96%
Possui (EAN) França
96%
Compartilham com a OTAN Alemanha
94%
Possui (não EAN) Índia
85%
Compartilham com a OTAN Itália
84%
Não declarada Israel
81%
Não possuem mais Ucrânia
81%
Possui (não EAN) Paquistão
76%
Compartilham com a OTAN Turquia
64%
Não possuem mais África do Sul
61%
Compartilham com a OTAN Bélgica
51%
Não possuem mais Bielorrússia
50%
Compartilham com a OTAN Países Baixos
49%
Não possuem mais Cazaquistão
41%
Nenhum quiz correspondente encontrado
Distribuição das Pontuações
Porcentagem de Pessoas com Cada Pontuação
Percentil de Números Respondidos
Sua Pontuação Histórica
Você não jogou esse quiz